000 00476nam a2200181Ia 4500
005 20250508150603.0
008 008 250505s9999 xx 000 0 eng d
037 _aTextual
040 _aFEDL
_beng
_cFEDL
041 _aeng
_2eng
084 _a232, HIR
_qFEDL
100 _aHirsch Rabbi W.
_9757112
245 0 _aRabbinic psychology
260 _aLondon, UK
_bEdward Arnold
_c1947
300 _a291p.
942 _cTEXL
_h232, HIR
999 _c1324417
_d1324417